Chinese Cooking for pleasure (Record no. 1239)

MARC details
000 -LEADER
fixed length control field 00438nam a2200157Ia 4500
008 - FIXED-LENGTH DATA ELEMENTS--GENERAL INFORMATION
fixed length control field 230312s9999||||xx |||||||||||||| ||und||
020 ## - INTERNATIONAL STANDARD BOOK NUMBER
International Standard Book Number 0-89009-250-8
082 ## - DEWEY DECIMAL CLASSIFICATION NUMBER
Classification number 641.354
Item number COL-C
100 ## - MAIN ENTRY--PERSONAL NAME
Personal name Charmaine Solomon
245 #0 - TITLE STATEMENT
Title Chinese Cooking for pleasure
260 ## - PUBLICATION, DISTRIBUTION, ETC.
Name of publisher, distributor, etc. Chartwell Books Inc.
Place of publication, distribution, etc. New Jersey
Date of publication, distribution, etc. 1978
300 ## - PHYSICAL DESCRIPTION
Extent 136
546 ## - LANGUAGE NOTE
Language note Eng.
650 ## - SUBJECT ADDED ENTRY--TOPICAL TERM
Topical term or geographic name entry element Architecture
Form subdivision Introduction , Soups , Seafood
942 ## - ADDED ENTRY ELEMENTS (KOHA)
Koha item type BOOK
Holdings
Withdrawn status Lost status Source of classification or shelving scheme Damaged status Not for loan Home library Current library Date acquired Total Checkouts Full call number Barcode Date last seen Price effective from Koha item type
    Dewey Decimal Classification     Superior Information Resource Center (SIRC) Superior University- Central Library Superior Information Resource Center (SIRC) Superior University- Central Library 03/13/2023   641.354 COL-C 1249 03/13/2023 03/13/2023 BOOK

Powered by Koha